01016nam a22002297a 450000100040000000500170000402000170002102000180003804000290005608200080008510000320009324500380012526000290016330000520019250500080024452004000025252100270065252100200067965000290069965000290072865000290075754220260422090527.0 a978198390756 a9780198390756 aFISKHbengcFISKHdFISKH a912 aGallagher, Rosemaried1966- ageog.atlasc aOxford :bOxford.c2013. a112 pages; bcolor illustrations, maps,c30 cm. aM  a'geog.atlas' is an engaging atlas of accessible maps and supporting information. It features unique coverage of places likely to appear in the news, such as the Middle East, Afghanistan, and the Falklands. Special maps look at themes like global warming, desertification, and how people spread around the world. Satellite images are placed alongside physical geography maps to aid understanding. a650 bLexile estimate  aM bRaz-Plus  2Facts. aGeographyvMap. 2Facts. aGeographyvMap. 2Facts. aGeographyvMap.